| 000 | 00411nam a22001577a 4500 | ||
|---|---|---|---|
| 003 | NUST - PNEC | ||
| 005 | 20170116180912.0 | ||
| 008 | 150903b xxu||||| |||| 00| 0 eng d | ||
| 040 | _cLIBRARY | ||
| 082 | _a620.112 HAR | ||
| 100 |
_97165 _aHartog J. P. Den |
||
| 245 |
_aAdvanced strength of materials _cJ. P. Den Hartog |
||
| 260 | _cc.1952 | ||
| 650 |
_97166 _aMechanical engineering _xME |
||
| 942 |
_2ddc _cBK |
||
| 999 |
_c65322 _d65322 |
||